Teologické pohľady a spoločensko-vedná prax
Gespeichert in:
| Weitere Verfasser: | , |
|---|---|
| Format: | Buch |
| Sprache: | Slowakisch |
| Veröffentlicht: |
Brno
Nakladatelství Cesta
2008
|
| Schlagworte: | |
| Tags: |
Keine Tags, Fügen Sie das erste Tag hinzu!
|
MARC
| LEADER | 00000nam$a2200000$$$4500 | ||
|---|---|---|---|
| 001 | 0093796 | ||
| 005 | 20221207101342.8 | ||
| 020 | |a 978-80-7295-101-7 | ||
| 041 | 0 | |a slo | |
| 044 | |a SK | ||
| 245 | 1 | 0 | |a Teologické pohľady a spoločensko-vedná prax |c editori: Inocent Mária Szaniszló, Martin Uháľ |
| 264 | 1 | |a Brno |b Nakladatelství Cesta |c 2008 | |
| 300 | |a 211 s. | ||
| 610 | 2 | 0 | |a teológia |
| 610 | 2 | 0 | |a náboženstvo |
| 610 | 2 | 0 | |a morálka |
| 610 | 2 | 0 | |a problémy spoločenské |
| 610 | 2 | 0 | |a rodina |
| 610 | 2 | 0 | |a manželstvo |
| 610 | 2 | 0 | |a práca sociálna |
| 610 | 2 | 0 | |a cirkev |
| 610 | 2 | 0 | |a etika |
| 610 | 2 | 0 | |a manažéri |
| 700 | 1 | |a Szaniszló, Inocent Mária | |
| 700 | 1 | |a Uháľ, Martin | |